Origin & development of legal & political system in India / (Record no. 136719)

MARC details
000 -LEADER
fixed length control field 00602nam a2200193 4500
010 ## - LIBRARY OF CONGRESS CONTROL NUMBER
LC control number A-943090
035 ## - SYSTEM CONTROL NUMBER
System control number A-943090
037 ## - SOURCE OF ACQUISITION
Source of stock number/acquisition Cen Lib / Ret
040 ## - CATALOGING SOURCE
Original cataloging agency DPL
Language of cataloging EN
082 ## - DEWEY DECIMAL CLASSIFICATION NUMBER
Classification number 342.029
Item number BHA
245 ## - TITLE STATEMENT
Title Origin & development of legal & political system in India /
Statement of responsibility, etc edited by H. S. Bhatia
260 ## - PUBLICATION, DISTRIBUTION, ETC. (IMPRINT)
Place of publication, distribution, etc New Delhi
Name of publisher, distributor, etc Deep & Deep Publicaitons
Date of publication, distribution, etc 1976
270 ## - ADDRESS
Address D-1/24 Rajouri Garden
City New Delhi
Postal code 110027
300 ## - PHYSICAL DESCRIPTION
Extent (v 2. 220)
Other physical details 24cm(Hb)
650 ## - SUBJECT ADDED ENTRY--TOPICAL TERM
Topical term or geographic name as entry element Law -- India -- History.
650 ## - SUBJECT ADDED ENTRY--TOPICAL TERM
Topical term or geographic name as entry element India
Form subdivision law
700 ## - ADDED ENTRY--PERSONAL NAME
Personal name Bhatia, H. S.
942 ## - ADDED ENTRY ELEMENTS (KOHA)
Source of classification or shelving scheme Dewey Decimal Classification
Koha item type English Books
Classification part 342.029
Call number suffix BHA
Holdings
Withdrawn status Lost status Source of classification or shelving scheme Materials specified (bound volume or other part) Damaged status Not for loan Home library Current library Date acquired Source of acquisition Total Checkouts Full call number Barcode Date last seen Copy number Price effective from Koha item type Public note
Written off   Dewey Decimal Classification v 2     Central Library Central Library 08/03/2016 Cen Lib/Ret   342.029 BHA A-943090 08/03/2016 1 08/03/2016 English Books Written off on approval by DLB (By Circulation); dtd 15-06-2023

© Delhi Public Library
Hit Counter
free hit counter